Mathematical methods in chemical engineering (Record no. 25039)

000 -LEADER
fixed length control field 00548nam a22002051 4500
001 - CONTROL NUMBER
control field 25039
003 - CONTROL NUMBER IDENTIFIER
control field BD-DhUET
008 - FIXED-LENGTH DATA ELEMENTS--GENERAL INFORMATION
fixed length control field 730313s1963 xx 000 0 eng
040 ## - CATALOGING SOURCE
Original cataloging agency DLC
Transcribing agency OClU
Modifying agency BD-DhUET
082 ## - DEWEY DECIMAL CLASSIFICATION NUMBER
Classification number 660.28
Item number JEN/1963
100 ## - MAIN ENTRY--PERSONAL NAME
Personal name Jenson, V. G.
245 10 - TITLE STATEMENT
Title Mathematical methods in chemical engineering
250 ## - EDITION STATEMENT
Edition statement 1st ed.
260 ## - PUBLICATION, DISTRIBUTION, ETC. (IMPRINT)
Place of publication, distribution, etc. London
Name of publisher, distributor, etc. Academic Press
Date of publication, distribution, etc. 1963
300 ## - PHYSICAL DESCRIPTION
Extent xi, 556 p.
Other physical details illus.
Dimensions 24cm.
504 ## - BIBLIOGRAPHY, ETC. NOTE
Bibliography, etc Includes bibliographies
650 #0 - SUBJECT ADDED ENTRY--TOPICAL TERM
Topical term or geographic name as entry element Chemical engineering
700 ## - ADDED ENTRY--PERSONAL NAME
Personal name Jeffreys, G. V.
942 ## - ADDED ENTRY ELEMENTS (KOHA)
Koha item type General Book
Holdings
Date acquired Withdrawn status Koha item type Lost status Sublocation or collection (holding branch) Source of classification or shelving scheme Koha normalized classification for sorting Koha date last seen Location (home branch) Not for loan Copy number Koha full call number Price effective from Piece designation (barcode) Shelving location Damaged status
2015-05-12 General Book Central Library, BUET 660_280000000000000_JEN_19632015-05-12Central Library, BUET 1660.28/JEN/19632015-05-1222438Circulation section 
2015-05-12 General Book Central Library, BUET 660_280000000000000_JEN_19632015-05-12Central Library, BUET 2660.28/JEN/19632015-05-1222440Circulation section 
2015-05-12 General Book Central Library, BUET 660_280000000000000_JEN_19632015-05-12Central Library, BUET 3660.28/JEN/19632015-05-1222434Circulation section 
2015-05-18 General Book Central Library, BUET 660_280000000000000_JEN_19632015-05-18Central Library, BUET 4660.28/JEN/19632015-05-1822432Circulation section 
2015-05-18 General Book Central Library, BUET 660_280000000000000_JEN_19632015-05-18Central Library, BUET 5660.28/JEN/19632015-05-1822435Circulation section 
2015-05-18 General Book Central Library, BUET 660_280000000000000_JEN_19632015-05-18Central Library, BUET 6660.28/JEN/19632015-05-1829450Circulation section 
2015-05-18 General Book Central Library, BUET 660_280000000000000_JEN_19632015-05-18Central Library, BUET 7660.28/JEN/19632015-05-1829449Circulation section 
2015-05-18 General Book Central Library, BUET 660_280000000000000_JEN_19632015-05-18Central Library, BUET 8660.28/JEN/19632015-05-1829448Circulation section 
2015-05-18 General Book Central Library, BUET 660_280000000000000_JEN_19632015-05-18Central Library, BUET 9660.28/JEN/19632015-05-1829457Circulation section 
2015-05-18 General Book Central Library, BUET 660_280000000000000_JEN_19632015-05-18Central Library, BUET 10660.28/JEN/19632015-05-1829454Circulation section 
2015-05-18 General Book Central Library, BUET 660_280000000000000_JEN_19632015-05-18Central Library, BUET 11660.28/JEN/19632015-05-1829453Circulation section 
2015-05-18 General Book Central Library, BUET 660_280000000000000_JEN_19632015-05-18Central Library, BUET 12660.28/JEN/19632015-05-1829451Circulation section 
2015-05-18 General Book Central Library, BUET 660_280000000000000_JEN_19632015-05-18Central Library, BUET 13660.28/JEN/19632015-05-1822431Circulation section 
2015-05-18 General Book Central Library, BUET 660_280000000000000_JEN_19632015-05-18Central Library, BUET 14660.28/JEN/19632015-05-1829452Circulation section 
2015-05-18 General Book Central Library, BUET 660_280000000000000_JEN_19632015-05-18Central Library, BUET 15660.28/JEN/19632015-05-1822436Circulation section 
2015-06-17 Reading Item Central Library, BUET 660_280000000000000_JEN_19632015-06-17Central Library, BUET 16660.28/JEN/19632015-06-1729456Reading section 
2015-06-18 Reading Item Central Library, BUET 660_280000000000000_JEN_19632015-06-18Central Library, BUET 17660.28/JEN/19632015-06-1829455.Reading section 
2015-07-10 Reading Item Central Library, BUET 660_280000000000000_JEN_19632015-07-10Central Library, BUET 18660.28/JEN/19632015-07-1022439Reading section